书目信息 |
| 题名: |
论文学
|
|
| 作者: | 雨果 , Hugo 著 ;柳鸣九 译 | |
| 分册: | ||
| 出版信息: | 上海 上海译文出版社 1980 |
|
| 页数: | 207页 | |
| 开本: | 21cm | |
| 丛书名: | 外国文艺理论丛书 | |
| 单 册: | ||
| 中图分类: | I565.06 , I06 | |
| 科图分类: | ||
| 主题词: | 文学研究--法国 , 文学评论 , 文学欣赏 | |
| 电子资源: | ||
| ISBN: | ||
| 000 | 00901oam2 2200325 450 | |
| 001 | 1572756336 | |
| 005 | 20150124201311.46 | |
| 010 | @dCNY0.71 | |
| 091 | @a10188.80 | |
| 100 | @a19950817d1980 em y0chiy0110 ea | |
| 101 | 1 | @achi@cfre |
| 102 | @aCN@b310000 | |
| 105 | @ay z 000yy | |
| 200 | 1 | @a论文学@9lun wen xue@f(法)雨果(V. Hugo)著@g柳鸣九译 |
| 210 | @a上海@c上海译文出版社@d1980 | |
| 215 | @a207页@d21cm | |
| 225 | 2 | @a外国文艺理论丛书 |
| 300 | @a书名原文:Oeuvres Compleves | |
| 461 | 0 | @12001 @a外国文艺理论丛书 |
| 510 | 1 | @aOeuvres Compleves@zfre |
| 606 | 0 | @a文学研究@y法国 |
| 606 | 0 | @a文学评论 |
| 606 | 0 | @a文学欣赏 |
| 690 | @aI565.06@v5 | |
| 690 | @aI06@v4 | |
| 701 | 1 | @c(法)@a雨果@9yu guo@c(Hugo, Victor@f1802~1885)@4著 |
| 701 | 1 | @aHugo@bV.@4著 |
| 702 | 0 | @a柳鸣九@9liu ming jiu@f(1934.2~)@4译 |
| 801 | 0 | @aCN@bTSSF@c20150124 |
| 905 | @aZUCC@dI06@eJY16 | |
| 论文学/(法)雨果(V. Hugo)著/柳鸣九译.-上海:上海译文出版社,1980 |
| 207页;21cm.-(外国文艺理论丛书) |
| 书名原文:Oeuvres Compleves |
| ISBN :CNY0.71 |
| ● |
| 相关链接 |
|
|
|
|
正题名:论文学
索取号:I06/JY16
 
预约/预借
| 序号 | 登录号 | 条形码 | 馆藏地/架位号 | 状态 | 备注 |
| 1 | 7855398 | 278553986 | 学院路分馆/ [索取号:I06/JY16] | 在馆 |